Lions de fiction - Statistiques

Statistiques générales
  • Ce quiz a été pris 26 fois
  • Le résultat moyen est 5 sur 15
Statistiques - réponses
Lion de fiction Univers % Correct
Aslan Le Monde de Narnia
96%
Simba Le Roi Lion
96%
Alex Madagascar
83%
Prince Jean Robin des Bois
67%
Lion Peureux Le Magicien d'Oz
38%
Lion de Némée Mythologie grecque
38%
Richie One Piece
25%
Lion de Juda Bible
17%
Leo le lion Metro Goldwyn Mayer/Le Roi Léo
17%
Leodore Lionheart Zootopie
17%
Clarence Daktari
13%
Jad-bal-ja Tarzan
8%
Roi Leonidas L'Apprenti sorcière
0%
Laval Lego Legends of Chima
0%
King Le Lion
0%
Aucun quiz correspondant
Distribution des résultats
% des personnes avec chaque résultat
Percentile par nombre de réponses
Votre historique - résultats
Vous n’avez pas pris ce quiz